Southville International School and Colleges
Your cart is empty.
  • Cart
  • Lists
    Public lists Eva Luna New books Lux_list list_1
    Your lists Log in to create your own lists
  • Log in to your account
  • Your cookies
  • Search history
Southville International School and Colleges
  • Advanced search
  • Recent comments
  • Most popular
  • Libraries

Log in to your account

Log in with GOOGLE


If you do not have an external account, but do have a local account, you can still log in:

  1. Home
  2. MARC view: Do you really need eyeglasses /
Normal view MARC view ISBD view

Do you really need eyeglasses / (Record no. 10541)

[ view plain ]
MARC details
000 -LEADER
fixed length control field 00558nam a22001937a 4500
003 - CONTROL NUMBER IDENTIFIER
control field OSt
005 - DATE AND TIME OF LATEST TRANSACTION
control field 20140310182214.0
008 - FIXED-LENGTH DATA ELEMENTS--GENERAL INFORMATION
fixed length control field 130906t xxu||||| |||| 00| 0 eng d
020 ## - INTERNATIONAL STANDARD BOOK NUMBER
International Standard Book Number 0445041544
050 ## - LIBRARY OF CONGRESS CALL NUMBER
Classification number RE 51
Item number .B533 1974
082 ## - DEWEY DECIMAL CLASSIFICATION NUMBER
Classification number HS 617.77
Item number B46 1974
100 ## - MAIN ENTRY--PERSONAL NAME
Personal name Berrett- Rosanes, Marilyn B
9 (RLIN) 16908
245 ## - TITLE STATEMENT
Title Do you really need eyeglasses /
Statement of responsibility, etc Marilyn B. Rasanes-Berrett.
260 ## - PUBLICATION, DISTRIBUTION, ETC. (IMPRINT)
Place of publication, distribution, etc New York :
Name of publisher, distributor, etc Hart Publishing Company, Inc,
Date of publication, distribution, etc 1974.
300 ## - PHYSICAL DESCRIPTION
Extent 126 p. ;
Other physical details ill. ;
Dimensions 18 cm.
650 ## - SUBJECT ADDED ENTRY--TOPICAL TERM
Topical term or geographic name as entry element Fiction
9 (RLIN) 746
942 ## - ADDED ENTRY ELEMENTS (KOHA)
Source of classification or shelving scheme Library of Congress Classification
Koha item type
Holdings
Withdrawn status Lost status Source of classification or shelving scheme Damaged status Home library Current library Shelving location Date acquired Total Checkouts Full call number Barcode Date last seen Date checked out Copy number Price effective from Koha item type
    Library of Congress Classification   Luxembourg Library Luxembourg Library High School Section 09/06/2013 1 RE 51 .B533 1974 7159 09/02/2015 01/13/2015 1 09/06/2013 Books

Do you really need eyeglasses /

APA

Berrett- Rosanes M. B., . (1974). Do you really need eyeglasses. New York: Hart Publishing Company, Inc.

Chicago

Berrett- Rosanes Marilyn B, . 1974. Do you really need eyeglasses. New York: Hart Publishing Company, Inc.

Harvard

Berrett- Rosanes M. B., . (1974). Do you really need eyeglasses. New York: Hart Publishing Company, Inc.

MLA

Berrett- Rosanes Marilyn B, . Do you really need eyeglasses. New York: Hart Publishing Company, Inc. 1974.

  • Place hold
  • Print
  • Cite
  • Add to your cart (remove)
  • Save record
    BIBTEX Dublin Core MARCXML MARC (non-Unicode/MARC-8) MARC (Unicode/UTF-8) MARC (Unicode/UTF-8, Standard) MODS (XML) RIS
  • More searches
    Search for this title in:
    Other Libraries (WorldCat) Other Databases (Google Scholar) Online Stores (Bookfinder.com) Open Library (openlibrary.org)

Exporting to Dublin Core...

SOUTHVILLE LIBRARY

Southville International School and Colleges Library

1281 Tropical Ave. Cor. Luxembourg St., BF Homes International, Las Pinas City

Tel. No. 8256374 / 252358 Loc. 117/146

Powered by Koha